000 00363nam a2200145Ia 4500
008 230917s9999||||xx |||||||||||||| ||und||
040 _e220483
_aMAIN
041 _aEnglish
082 _a362.61 T188V
100 _aTater, Sohan Raj
245 0 _aVarishth nagrik jeevan darshan
260 _aJaipur
_bGranth Vikas
_c2014
300 _axvii, 238 p.
942 _cBK
999 _c168095
_d168095